000 00406nam a22001457a 4500
999 _c7789
_d7787
005 20210904132650.0
008 210326b ||||| |||| 00| 0 eng d
082 _a346.066
100 _aAIYAR, A.N.
_96466
245 _aCOMPANY CASES: THE CORPORATE LAW WEEKLY [VOL-220]
260 _aCHENNAI
_bCOMPANY LAW INSTITUTE OF INDIA PVT.LTD.
_c2020
300 _a568,i-xxxvi;p
650 _aLAW
_95701
942 _cJRL